Statistics for Iraqi Airways Destinations-Najaf

Click here to take the quiz!

General Stats

  • This quiz has been taken 6 times
  • The average score is 12 of 13

Answer Stats

Country Airport % Correct
BahrainBahrain
100%
DenmarkCopenhagen
100%
IndiaAhmedabad
100%
IndiaMumbai
100%
IraqBaghdad
100%
KuwaitKuwait City
100%
LebanonBeirut
100%
PakistanKarachi
100%
TurkeyIstanbul
100%
IranIsfahan
80%
IranMashhad
80%
IraqErbil
60%
IraqSulaimaniyah
60%

Score Distribution

Percentile by Number Answered

Percent of People with Each Score

Your Score History

You have not taken this quiz